Statistics for Costa Rica Province Flags

Click here to take the quiz!

General Stats

  • This quiz has been taken 22 times
  • The average score is 6 of 7

Answer Stats

Answer% Correct
Alajuela
100%
Heredia
100%
San José
91%
Cartago
82%
Guanacaste
82%
Limón
82%
Puntarenas
82%

Score Distribution

Percentile by Number Answered

Percent of People with Each Score

Your Score History

You have not taken this quiz